书目信息 |
| 题名: |
环境管理
|
|
| 作者: | 靳敏 编 | |
| 分册: | ||
| 出版信息: | 北京 中国环境出版社 2014 |
|
| 页数: | 370页 | |
| 开本: | 23cm | |
| 丛书名: | ||
| 单 册: | ||
| 中图分类: | X32 | |
| 科图分类: | ||
| 主题词: | 环境规划 , 环境管理 , 环境堡规划 | |
| 电子资源: | ||
| ISBN: | 978-7-5111-1838-7 | |
| 000 | 00559nam0 2200205 450 | |
| 001 | 142278 | |
| 005 | 20141220142441.48 | |
| 010 | @a978-7-5111-1838-7@dCNY 65.00 | |
| 100 | @a20141220d2014 km y0chiy0120 ea | |
| 101 | 0 | @achi |
| 200 | 1 | @a环境管理@Ahuan jing guan li@f靳敏编@Fjin min bian |
| 210 | @a北京@c中国环境出版社@d2014 | |
| 215 | @a370页@d23cm | |
| 606 | 0 | @a环境规划 |
| 606 | 0 | @a环境管理 |
| 606 | 0 | @a环境堡规划 |
| 690 | @aX32@v4 | |
| 701 | 0 | @a靳敏@Ajin min@4编 |
| 801 | 0 | @aCN@b大连网信软件有限公司图书馆·11@c20141220 |
| 905 | @a241430@dX32@eJ858 | |
| 环境管理/靳敏编.-北京:中国环境出版社,2014 |
| 370页;23cm |
| ISBN 978-7-5111-1838-7:CNY 65.00 |
| ● |
| 相关链接 |
|
|
|
正题名:环境管理
索取号:X32/J858
 
预约/预借
| 序号 | 登录号 | 条形码 | 馆藏地/架位号 | 状态 | 备注 |
| 1 | 1134451 | 211344516 | 自科库501/501自科库 65排6列1层/ [索取号:X32/J858] | 在馆 | |
| 2 | 1134452 | 211344525 | 期刊室512/201建筑库 59排6列1层/ [索取号:X32/J858] | 在馆 | |
| 3 | 1134453 | 211344534 | 自科库501/501自科库 65排6列1层/ [索取号:X32/J858] | 在馆 |